Estatutos de la Caja de Ahorros Provincial de la Diputación de Barcelona
Publicado:
[s.l., s.n., s.a.] :
Descripción Física:
[21] p. ; 22 cm
Materias:
Caixa de Catalunya -- Estatuts
MARC
| LEADER | 00000nam a2200000Ia 4500 | ||
|---|---|---|---|
| 001 | 6130 | ||
| 008 | 160829s9999 xx 000 0 cat d | ||
| 080 | |a FU-5-52 | ||
| 100 | |a Caixa Catalunya | ||
| 245 | |a Estatutos de la Caja de Ahorros Provincial de la Diputación de Barcelona | ||
| 260 | |a [s.l., s.n., s.a.] | ||
| 300 | |a [21] p. ; |c 22 cm | ||
| 590 | |a Prové de 3784, exp. 8 | ||
| 610 | 2 | 0 | |a Caixa de Catalunya |v Estatuts |9 56035 |
| 901 | |a Arxiu | ||
| 942 | |n 1 | ||
| 952 | |0 0 |1 0 |4 0 |6 FU552 |7 1 |9 53455 |a Arxiu |b Arxiu |d 2016-12-01 |l 0 |o FU-5-52 |p 6130 |r 2016-12-01 00:00:00 |w 2016-12-01 |y ARXIU | ||
| 999 | |c 57321 |d 57321 | ||